00322 a2200121 4500001000700000040003500007100003300042240005100075245004600126300000800172362000900180440001100189153061 cEscola São Tomás de Aquino aCASCUDO, Luís da Câmara 10aContos tradicionais do Brasil para jovenslpor10aContos tradicionais do Brasil para jovens a1250 a2006 1aGlobal